Sur Boletín Informativo Agrario (1978-1989) : (Record no. 23408)

000 -CABECERA
fixed length control field 01888nam a22004337i 4500
003 - IDENTIFICADOR DEL NÚMERO DE CONTROL
control field AR-CdUCM
008 - DATOS DE LONGITUD FIJA--INFORMACIÓN GENERAL
fixed length control field 251128b20242024pe ||||| |||| 00| 0 pe d
020 ## - NÚMERO INTERNACIONAL ESTÁNDAR DEL LIBRO
ISBN 978-612-4121-64-7
040 ## - FUENTE DE LA CATALOGACIÓN
Agencia/entidad que catalogó originalmente la obra MUNICIPALIDAD PROVINCIAL DEL CUSCO
Entidad que transcribió la catalogación BIBLIOTECA MUNICIPAL DEL CUSCO
082 ## - NÚMERO DE LA CLASIFICACIÓN DECIMAL DEWEY
No. de Clasificación Bol.IA /
Notacion interna N° 23
100 ## - ENTRADA PRINCIPAL--NOMBRE DE PERSONA
Nombre Personal Nieto Degregori, Luis.
110 ## - ENTRADA PRINCIPAL--NOMBRE DE ENTIDAD CORPORATIVA
Nombre de la institución, jurisdicción como entrada principal Centro Bartolomé de las Casas
9 (RLIN) 51923
245 ## - MENCIÓN DE TÍTULO
Título Sur Boletín Informativo Agrario (1978-1989) :
Resto del título Organización y Lucha Campesina en el Sur Andino /
260 ## - PUBLICACIÓN, DISTRIBUCIÓN, ETC.
Lugar de publicación, distribución, etc. Cusco
Nombre de la editorial, distribuidor, etc. Centro Bartolomé de las Casas.
Fecha de publicación, distribución, etc. 2024
300 ## - DESCRIPCIÓN FÍSICA
Nº de Páginas Extensión 309 Páginas. :
Dimensiones 24 x 18 cm.
505 ## - NOTA DE CONTENIDO CON FORMATO
Nota de contenido formateada Capítulo I: Editoriales -- Capítulo II: Artículos -- Capítulo III: Testimonios -- Colofón....
650 ## - PUNTO DE ACCESO ADICIONAL DE MATERIA--TÉRMINO DE MATERIA
Descriptor Confederacion Campesina del Perú
9 (RLIN) 51624
650 ## - PUNTO DE ACCESO ADICIONAL DE MATERIA--TÉRMINO DE MATERIA
Descriptor En defensa de las comunidades
9 (RLIN) 51625
650 ## - PUNTO DE ACCESO ADICIONAL DE MATERIA--TÉRMINO DE MATERIA
Descriptor Lucha popular
9 (RLIN) 51626
650 ## - PUNTO DE ACCESO ADICIONAL DE MATERIA--TÉRMINO DE MATERIA
Descriptor La corrupción y arbitrariedad
9 (RLIN) 51627
650 ## - PUNTO DE ACCESO ADICIONAL DE MATERIA--TÉRMINO DE MATERIA
Descriptor Política sectorial del gobierno
9 (RLIN) 51628
650 ## - PUNTO DE ACCESO ADICIONAL DE MATERIA--TÉRMINO DE MATERIA
Descriptor Uchuraccay ante Sendero Luminoso
9 (RLIN) 51629
650 ## - PUNTO DE ACCESO ADICIONAL DE MATERIA--TÉRMINO DE MATERIA
Descriptor Movilización campesina
9 (RLIN) 51630
650 ## - PUNTO DE ACCESO ADICIONAL DE MATERIA--TÉRMINO DE MATERIA
Descriptor Ley de comunidades campesinas
9 (RLIN) 51631
650 ## - PUNTO DE ACCESO ADICIONAL DE MATERIA--TÉRMINO DE MATERIA
Descriptor La lucha por la tierra continúan
9 (RLIN) 51632
650 ## - PUNTO DE ACCESO ADICIONAL DE MATERIA--TÉRMINO DE MATERIA
Descriptor Entretelones de la liquidación de una empresa
9 (RLIN) 51633
650 ## - PUNTO DE ACCESO ADICIONAL DE MATERIA--TÉRMINO DE MATERIA
Descriptor Economía campesina y reestructuración
9 (RLIN) 51634
650 ## - PUNTO DE ACCESO ADICIONAL DE MATERIA--TÉRMINO DE MATERIA
Descriptor El tiempo de la hacienda no volverá
9 (RLIN) 51635
650 ## - PUNTO DE ACCESO ADICIONAL DE MATERIA--TÉRMINO DE MATERIA
Descriptor El aeropuerto internacional y del problema de la tierra
9 (RLIN) 51636
650 ## - PUNTO DE ACCESO ADICIONAL DE MATERIA--TÉRMINO DE MATERIA
Descriptor Clases sociales y violencia en los Andes
9 (RLIN) 51637
650 ## - PUNTO DE ACCESO ADICIONAL DE MATERIA--TÉRMINO DE MATERIA
Descriptor Problemática de las comunidades nativas
9 (RLIN) 51638
650 ## - PUNTO DE ACCESO ADICIONAL DE MATERIA--TÉRMINO DE MATERIA
Descriptor Campesinos en el Perú contemporáneo
9 (RLIN) 51639
650 ## - PUNTO DE ACCESO ADICIONAL DE MATERIA--TÉRMINO DE MATERIA
Descriptor La civilización a través de la barbarie
9 (RLIN) 51640
650 ## - PUNTO DE ACCESO ADICIONAL DE MATERIA--TÉRMINO DE MATERIA
Descriptor "Desde el dolor y la esperanza"
9 (RLIN) 51641
856 ## - LOCALIZACIÓN Y ACCESO ELECTRÓNICOS
Dirección electrónica www.cbc.org.pe
942 ## - ELEMENTOS DE PUNTO DE ACCESO ADICIONAL (KOHA)
Fuente de clasificación
Tipo de item Libros-BMC
945 ## - PROCESAMIENTO DE INFORMACIÓN LOCAL (OCLC)
Catalogador jmcs
AAAA-MM-DD - Fecha de ingreso o modificacion 27/11/2025

No items available.

Powered by Koha